| 000 | 00758cab a2200265 4500 | ||
|---|---|---|---|
| 001 | WB2828-52 | ||
| 008 | 090401t1992 xxu||||| |||| 00| 0 eng d | ||
| 035 | _a(Sirsi) u59927 | ||
| 041 | _aeng | ||
| 245 | _aMoscow breakthrough | ||
| 260 | _c1992 | ||
| 350 | _a0 | ||
| 490 |
_aEuropean _v16 July 1992, 45(1) |
||
| 520 | _aExamines the work of a small surveying company, Ferguson Hollis, which has set up a practice in Russia. | ||
| 650 | _aBUILDING SURVEYORS | ||
| 650 | _aABOUT RICS-RICS MEMBERS | ||
| 650 | _aCIS | ||
| 650 | _aEASTERN EUROPE | ||
| 650 | _aFERGUSON HOLLIS | ||
| 650 | _aSURVEYING FIRMS | ||
| 690 | _aOVERSEAS-EUROPE | ||
| 690 | _aMANAGEMENT-BUSINESS MANAGEMENT-PROFESSIONAL PRACTICE | ||
| 942 | _n0 | ||
| 948 | _c04/03/1997 | ||
| 999 |
_c36872 _d36872 |
||